| 000 | 00363nam a22001457a 4500 | ||
|---|---|---|---|
| 020 | _qHB. | ||
| 040 | _cFIZZA ISHAQ | ||
| 082 |
_a005.82 _bDOU |
||
| 100 |
_aSTIMSON, R. DOUGLAS. _986982 |
||
| 245 |
_aCRYPTOGRAPHY, THEORY AND PRACTICE / _cDOUGLAS R.STIMSON. |
||
| 250 | _a4th ED. | ||
| 260 |
_aNEW YORK : _bCRC, _c2019. |
||
| 300 | _a580 P. ; | ||
| 942 |
_2ddc _cBK |
||
| 999 |
_c587451 _d587451 |
||